Gramática sucinta de la lengua alemana acompañada de numerosos Ejercicios de conversacion y de lectura para uso de los principiantes segun un método teórico y práctico / (Record no. 161161)

MARC details
000 -LEADER
campo de control de longitud fija 00788nam a22001935i 4500
001 - NÚMERO DE CONTROL
campo de control 161161
003 - IDENTIFICADOR DE NÚMERO DE CONTROL
campo de control ES-MaACL
005 - FECHA Y HORA DE LA ÚLTIMA TRANSACCIÓN
campo de control 20230906212215.0
008 - DATOS DE LONGITUD FIJA--INFORMACIÓN GENERAL
campo de control de longitud fija 981207s1878 gw |||| | ger d
040 ## - FUENTE DE CATALOGACIÓN
Centro catalogador/agencia de origen CCPB | B
Lengua de catalogación spa
Centro/agencia transcriptor CCPB | B
100 1# - ENTRADA PRINCIPAL--NOMBRE DE PERSONA
Nombre de persona Otto, Emil.
9 (RLIN) 87950
245 10 - MENCIÓN DEL TÍTULO
Título Gramática sucinta de la lengua alemana acompañada de numerosos Ejercicios de conversacion y de lectura para uso de los principiantes segun un método teórico y práctico /
Mención de responsabilidad, etc. por Emilio Otto ; arreglada para españoles por Francisco Gaffino.
260 ## - PUBLICACIÓN, DISTRIBUCIÓN, ETC.
Lugar de publicación, distribución, etc. Heidelberg :
Nombre del editor, distribuidor, etc. Julio Groos, Editor,
Fecha de publicación, distribución, etc. 1878.
300 ## - DESCRIPCIÓN FÍSICA
Extensión VII, 166 p. ;
Dimensiones 20 cm.
650 #4 - PUNTO DE ACCESO ADICIONAL DE MATERIA--TÉRMINO DE MATERIA
Término de materia o nombre geográfico como elemento de entrada Lengua alemana-
Subdivisión general Gramática.
9 (RLIN) 14085
700 1# - ENTRADA AGREGADA--NOMBRE PERSONAL
Nombre de persona Gaffino, Francisco.
9 (RLIN) 127184
852 ## - LOCALIZACIÓN
Ubicación ES-MaACL
Número de control de estantería D-1343
Nota libre -- Enc. cartón
Holdings
Estatus retirado Estado de pérdida Estado de daño No para préstamo Colección Biblioteca de origen Biblioteca actual Ubicación en estantería Fecha de adquisición Fuente de adquisición Total de préstamos Signatura topográfica completa Código de barras Visto por última vez Precio de reemplazo Tipo de ítem Koha
        Libros del s. XIX Biblioteca del Ateneo de Madrid Biblioteca del Ateneo de Madrid Sala Valle Inclán 17/01/2008     D-1343 901168800 23/02/2023 23/02/2023 Libro impreso antiguo